Т. 6, вып. 1; Обозрение прикладной и промышленной математики

Xehetasun bibliografikoak
Parent link:Обозрение прикладной и промышленной математики: научно-теоретический журнал. Т. 6, вып. 1.— , 1995-2008.— 0869-8325
Hizkuntza:errusiera
Argitaratua: 1999
Formatua: MixedMaterials Liburua
KOHA link:https://koha.lib.tpu.ru/cgi-bin/koha/opac-detail.pl?biblionumber=512329

MARC

LEADER 00000nam2a2200000 4500
001 512329
005 20231101104536.0
035 |a (RuTPU)RU\TPU\prd\189187 
035 |a RU\TPU\prd\189185 
090 |a 512329 
100 |a 20130709a19999999k y0rusy50 ca 
101 0 |a rus 
102 |a RU 
200 0 |a Т. 6, вып. 1 
210 |d 1999 
461 1 |0 (RuTPU)RU\TPU\prd\1655  |x 0869-8325  |t Обозрение прикладной и промышленной математики  |o научно-теоретический журнал  |v Т. 6, вып. 1  |d 1995-2008 
801 0 |a RU  |b 63413507  |c 20010227  |g PSBO 
801 1 |a RU  |b 63413507  |c 20080827  |g PSBO 
801 2 |a RU  |b 63413507  |c 20130709  |g RCR 
942 |c BK 
999 |a НТБ_ТПУ  |b НФ  |e -4/20130109  |p П-9181  |u 0,00  |v 1